| 000 | 01431cam a2200217 4500 | ||
|---|---|---|---|
| 001 | ##L132494 | ||
| 008 | 060213n2006 000 0 eng u | ||
| 035 | _a(Sirsi) u132494 | ||
| 041 | 0 | _aeng | |
| 050 | 0 | 4 | _a627.1 $2 18 |
| 110 | 1 |
_aUnited Kingdom _bDepartment for Environment, Food and Rural Affairs |
|
| 245 | 0 | 0 |
_aConsultation on water company water resources management plan regulations _ba consultation by the Department for Environment, Food and Rural Affairs and Welsh Assembly Government. |
| 260 |
_aLondon _bDEFRA _c2006 |
||
| 520 | _aThis joint consultation paper seeks views on proposals for water company water resources management plan regulations for England and Wales. Since 1999 water companies have produced water resources plans on a voluntary basis but the Water Act 2003 has made it statutory for water companies to produce these plans. The proposed regulations will specify details about some of the processes involved and will enable stakeholders to be better informed and contribute to the water resources planning process. The consultation closes on 25 April 2006. | ||
| 590 | _aIKA140206 | ||
| 650 | 2 | 4 | _aWATER ACT 2003 |
| 690 | _aENVIRONMENTAL AND LAND CONSULTANCY-WATER RESOURCE MANAGEMENT | ||
| 710 | 2 |
_aWales _bNational Assembly for Wales _94836 |
|
| 856 | 4 | 0 |
_uhttps://www.defra.gov.uk/corporate/consult/wrmr/index.htm _zView the consultation free of charge at www.defra.gov.uk... |
| 942 | _n0 | ||
| 999 |
_c105156 _d105156 |
||